International guide to education system / (Record no. 126681)

MARC details
000 -LEADER
fixed length control field 00691nam a22002417a 4500
005 - DATE AND TIME OF LATEST TRANSACTION
control field 20170124110013.0
010 ## - LIBRARY OF CONGRESS CONTROL NUMBER
LC control number 961917
020 ## - INTERNATIONAL STANDARD BOOK NUMBER
Terms of availability 00.00
International Standard Book Number 9231016334
035 ## - SYSTEM CONTROL NUMBER
System control number 961917
037 ## - SOURCE OF ACQUISITION
Source of stock number/acquisition Cen Lib/ Ret
040 ## - CATALOGING SOURCE
Original cataloging agency DPL
Language of cataloging EN
082 ## - DEWEY DECIMAL CLASSIFICATION NUMBER
Classification number 370.2
Item number HOL
100 ## - MAIN ENTRY--PERSONAL NAME
Personal name Holmes, Brain
9 (RLIN) 18163
245 ## - TITLE STATEMENT
Title International guide to education system /
Statement of responsibility, etc by Brian Holmes
260 ## - PUBLICATION, DISTRIBUTION, ETC. (IMPRINT)
Place of publication, distribution, etc France
Name of publisher, distributor, etc UNESCO
Date of publication, distribution, etc 1979
270 ## - ADDRESS
City France
Address 7 place de fontenoy
300 ## - PHYSICAL DESCRIPTION
Extent 288p.
Dimensions 20cm(Hb)
500 ## - GENERAL NOTE
General note Includes index
650 ## - SUBJECT ADDED ENTRY--TOPICAL TERM
Topical term or geographic name as entry element School management and organization
9 (RLIN) 18164
650 ## - SUBJECT ADDED ENTRY--TOPICAL TERM
Topical term or geographic name as entry element International education
9 (RLIN) 18165
700 ## - ADDED ENTRY--PERSONAL NAME
9 (RLIN) 18106
942 ## - ADDED ENTRY ELEMENTS (KOHA)
Source of classification or shelving scheme Dewey Decimal Classification
Koha item type English Books
Classification part 370.2
Call number suffix HOL
Holdings
Withdrawn status Lost status Damaged status Not for loan Home library Current library Date acquired Source of acquisition Cost, normal purchase price Total Checkouts Full call number Barcode Date last seen Copy number Cost, replacement price Price effective from Koha item type Public note
Written off       Central Library Central Library 26/06/2015 Cen Lib/Ret 0.00   370.2 HOL 961917 26/06/2015 1 0.00 26/06/2015 English Books Written off on approval by DLB (By Circulation); dtd 15-06-2023

© Delhi Public Library
Hit Counter
free hit counter